000 00555nam a22001577a 4500
020 _qHard Cover.
082 _a570.2-TAY
100 _aHumaira Tayyab.
245 _aDjango-based Web Interface for Differential Expression Analysis of RNA-Seq Data:
_bA Case Study on Friedreich ataxia /
_cTayyab, Humaira
260 _aIslamabad:
_bRCMS-NUST,
_c2021.
300 _a109 p. :
_bill. ;
_c30cm.
650 _aMS-Bioinformatics.
_984469
700 _aDr. Rehan Raza Paracha
_984470
942 _2ddc
_cTHE
999 _c586845
_d586845